[Event "Berlin Lichtenberger op 17th"]
[Site "Berlin"]
[Date "2018.08.26"]
[Round "9"]
[White "Namestnikov, Boris"]
[Black "Lange, Cecilia"]
[Result "1/2-1/2"]
[WhiteElo "1916"]
[BlackElo "1959"]
[PlyCount "53"]
[EventDate "2018.08.18"]
[EventType "swiss"]
[EventRounds "9"]
[EventCountry "GER"]
[SourceTitle "CBM 186 Extra"]
[Source "ChessBase"]
[SourceDate "2018.08.24"]
[SourceVersion "1"]
[SourceVersionDate "2018.08.24"]
[SourceQuality "1"]

1. e4 e6 2. d4 d5 3. Nd2 Be7 4. Ngf3 Nf6 5. e5 Nfd7 6. Bd3 c5 7. c3 b6 8. Qe2 Bb7 9. 0-0 Qc8 10. Re1 Ba6 11. Nf1 Bxd3 12. Qxd3 Nc6 13. a3 a5 14. Bg5 c4 15. Qe3 h6 16. Bxe7 Nxe7 17. Ng3 g6 18. Qf4 Qd8 19. Nd2 a4 20. Ndf1 Nf5 21. Qf3 Qg5 22. Ne3 0-0 23. Ngxf5 gxf5 24. Qg3 Kh7 25. f4 Qxg3 26. hxg3 Rg8 27. Kf2 1/2-1/2

[Event "Berlin-ch QT"]
[Site "Berlin"]
[Date "2018.04.02"]
[Round "3"]
[White "Namestnikov, Boris"]
[Black "Krieger, Fabian"]
[Result "1/2-1/2"]
[WhiteElo "1066"]
[BlackElo "1930"]
[PlyCount "34"]
[EventDate "2018.03.31"]
[EventType "swiss"]
[EventRounds "9"]
[EventCountry "GER"]
[SourceTitle "EXT 2020"]
[Source "ChessBase"]
[SourceDate "2019.10.17"]
[SourceVersion "1"]
[SourceVersionDate "2019.10.17"]
[SourceQuality "1"]

1. e4 d5 2. exd5 Nf6 3. d4 Nxd5 4. Nf3 g6 5. Bc4 Bg7 6. 0-0 0-0 7. c3 c6 8. Na3 Bf5 9. Qb3 Bc8 10. Bg5 h6 11. Bh4 Nb6 12. Rae1 g5 13. Bg3 Nxc4 14. Nxc4 b5 15. Ncd2 Be6 16. Rxe6 fxe6 17. Qxe6+ Kh7 1/2-1/2